000
00188 a2200097 4500
001
4093
100
_a
Gurney, G
245
_a
War in the air
260
_a
_b
Crown
_c
090
_c
3311
_d
3311
942
_a
NUST-CAE
_c
M
_c
25681
999
_c
239166
_d
239166